Central Library OPAC University of Rajshahi

Variability and Association of Quantitative Characters, Chromosome Identification, and Inheritance of Flower Colour in Lathyrus Sativus L. / (Record no. 83645)

MARC details
000 -LEADER
fixed length control field 00962nam a2200241 a 4500
001 - CONTROL NUMBER
RUCL Control Number 83645
003 - CONTROL NUMBER IDENTIFIER
rucl marc code BD-RjUL
005 - DATE AND TIME OF LATEST TRANSACTION
control field 20240505102144.0
008 - FIXED-LENGTH DATA ELEMENTS--GENERAL INFORMATION
fixed length control field 240505s1996 bg a|||| m||| 00| 0 eng d
035 ## - SYSTEM CONTROL NUMBER
system control number (BD-RjUL)83645
040 ## - CATALOGING SOURCE
Original cataloging agency BD-RjUL
Language of cataloging eng
Transcribing agency BD-RjUL
Modifying agency BD-RjUL
041 ## - LANGUAGE CODE
Language code of Book eng
082 ## - DEWEY DECIMAL CLASSIFICATION NUMBER
DDC Edition number 23
Classification number 582.13
Author mark and Year SHV 1996
100 ## - MAIN ENTRY--PERSONAL NAME
Personal name G. M. Shahiquzzaman,
9 (RLIN) 12835
245 10 - TITLE STATEMENT
Title Variability and Association of Quantitative Characters, Chromosome Identification, and Inheritance of Flower Colour in Lathyrus Sativus L. /
Statement of responsibility, etc By Shahiquzzaman G. M. ;
Name of Supervisor/Co-Supervisor Supervisor : G. Kabir
260 ## - PUBLICATION, DISTRIBUTION, ETC. (IMPRINT)
Place of publication, distribution, etc Rajshahi :
Name of publisher, distributor, etc Institute of Bioligical Sciences, University of Rajshahi,
Date of publication, distribution, etc 1996
300 ## - PHYSICAL DESCRIPTION
Pagination [8]-233 Leaves :
Other physical details ill, ;
Dimensions 29 cm.
502 ## - DISSERTATION NOTE
Dissertation note Thesis (Ph. D.) -- Institute of Bioligical Sciences, University of Rajshahi, 1996
504 ## - BIBLIOGRAPHY, ETC. NOTE
Bibliography, etc References : Leaves [217]-233
650 ## - SUBJECT ADDED ENTRY--TOPICAL TERM
Topical term or geographic name as entry element Flower
Form subdivision Variability
9 (RLIN) 12836
700 ## - ADDED ENTRY--SUPERVISOR/CO-SUPERVISOR NAME
Personal name Kabir, G., Supervisor
9 (RLIN) 12830
942 ## - ADDED ENTRY ELEMENTS (KOHA)
Source of classification or shelving scheme Dewey Decimal Classification
Koha item type Theses
Holdings
Source of classification or shelving scheme Damaged status Not for loan Collection code Permanent Location Current Location Shelving location Date of accession Source of acquisition Total Checkouts Full call number Barcode Date last seen Copy number Thesis
Dewey Decimal Classification   Not For Loan Theses Central Library, University of Rajshahi Central Library, University of Rajshahi Documentation Section 29/01/1997 Controller of Exam. R. U.   THE 582.13 SHV 1996 D1860 05/05/2024 C-I Theses